Stratégie v reklame, marketingu a médiách

Gespeichert in:
Bibliographische Detailangaben
Format: Schriftenreihe
Sprache:Slowakisch
Veröffentlicht: Bratislava Strategie na Slovensku, s.r.o. 1997
Schlagworte:
Tags: Tag hinzufügen
Keine Tags, Fügen Sie das erste Tag hinzu!

MARC

LEADER 00000nas2a2200000 4500
001 s121795
005 20221220131445.4
022 |a 1335-2016 
041 0 |a slo 
044 |a SK 
245 1 0 |a Stratégie v reklame, marketingu a médiách 
264 1 |a Bratislava  |b Strategie na Slovensku, s.r.o.  |c 1997 
300 |a 2 zv.  |e 10 príl. 
773 0 |w eu_un_cat*s121017 
610 2 0 |a stratégia marketingová 
610 2 0 |a marketing 
610 2 0 |a reklama 
610 2 0 |a prostriedky masovokomunikačné